Представление документа в формате RUSMARC

ПолеНазваниеЗначение
  Тип записи a
  Библиографический уровень a
001 Контрольный номер RU/CBS_UL/BASE/d99244aa9a5d44e7a5fa3b33c6747d5e
005 Дата корректировки 20260408154446.0
100 Данные общей обработки __
a Данные общей обработки 20260408 ||| 0rusy0189 ca
101 Язык документа 0_
a Язык текста rus
102 Страна публикации __
a Страна публикации RU
200 Заглавие и сведения об ответственности 1_
a Заглавие Без тренера, но по-прежнему с медалью!
e Сведения, относящиеся к заглавию [ульяновская тхэквондистка Линара Муслимова стала серебряным призёром на турнире в Софии]
f Первые сведения об ответственности А. Агапов
300 Общие примечания __
a Общие примечания 6+
461 Уровень набора _0
1 2000
a Чемпион
463 Уровень физической единицы _0
1 2000
a № 9 (4 март.)
v С. 1 : фото
1 2101
d 2026
1 001RU/CBS_UL/BASE/d6dd439e8eff45bea977d1f631b02214
600 Персоналии _1
a Персоналии (Фамилия) Муслимова
b Персоналии (Имя, инициалы) Л.
606 Тематические рубрики 0_
a Основная рубрика Тхэквондо - Ульяновск, город
610 Ключевые слова 0_
a Ключевые слова тхэквондо
610 Ключевые слова 0_
a Ключевые слова тхэквондистки
610 Ключевые слова 0_
a Ключевые слова ульяновские тхэквондистки
610 Ключевые слова 0_
a Ключевые слова тхэквондистки ульяновские
610 Ключевые слова 0_
a Ключевые слова соревнования по тхэквондо
686 Индексы других классификаций __
2 Код системы rubbk
a Классификационный индекс 75.715
700 Автор _1
a Фамилия Агапов
b Имя (инициалы) А.
801 Источник записи _0
a Страна RU
b Организация МБУК ЦБС г. Ульяновска
c Дата составления 20260408
g Правила каталогизации RCR
801 Источник записи _1
a Страна RU
b Организация МБУК ЦБС г. Ульяновска
c Дата составления 20260408
g Правила каталогизации RCR
901 Тип документа __
t Тип документа f
w Контрольный № источника RU/CBS_UL/BASE/d6dd439e8eff45bea977d1f631b02214
909 Создатель записи __
a Создатель записи lib2